000 00968nam0a22002651 4500
001 rc\3972518
005 20250610222548.0
021 _aRU
_b[56-58488]
035 _a(NLR Aleph) 007932055
090 _a8224790
_c8224790
100 _a20130415d1956 |||y0rusy50 ca
101 1 _arus
_ctat
102 _aRU
105 _aa z |||a|
200 1 _aОхотник
_e[Стихи
_eДля дошкольного возраста
_fПеревод с татар. Б. Дубровина
_gИл.: И.К. Колмогорцева]
210 _aКазань
_cТаткнигоиздат. Ред. юнош.-дет. лит.
_d1956
215 _a12 с., 1 отд. л. ил.
_cил.
_d21
700 1 _aИсхаков
_bА.А.
_f1905-
_gАхмет Абдуллович
702 1 _aКолмогорцева
_bИ.К.
_4440
702 1 _aДубровин
_bБ.
_4730
801 0 _aRU
_bNLR
_gpsbo
801 1 _aRU
_bELAR
_2rusmarc
852 _aNLR
_jДл02 Г-4/2492
942 _cBOOK
980 _aNB